000 00424nam a22001817a 4500
999 _c7824
_d7822
005 20210904141542.0
008 210823b ||||| |||| 00| 0 eng d
020 _a9781847668905
041 _aeng
082 _a346.410
100 _aCOOK, TREVOR
_96552
245 _aA USERS GUIDE TO PATENTS
250 _a3rd ed.
260 _aBLOOMSBURY PVT.LTD
_bW.S.
_c2011
300 _a839;p.
650 _aLAW
_95701
942 _cBK